Beads from excavations at Qustul, Adindan, Serra East, Dorginarti, Ballana and Kalabsha /

This book presents a comprehensive corpus of beads and pendants found during excavations undertaken by the Oriental Institute of the University of Chicago between 1960 and 1968 at the Lower Nubian sites of Qustul, Adindan, Serra East, Dorginarti, Ballana and Kalabsha and stored in the Oriental Insti...

وصف كامل

محفوظ في:

المؤلف الرئيسي: Then-Obłuska, Joanna (مؤلف)

التنسيق: كتاب

اللغة: English

منشور في: Chicago : The Oriental Institute of the University of Chicago, 2022-

سلاسل: University of Chicago Oriental Institute Nubian Expedition (Series) ; 11.
OINE ; 11.

الموضوعات:

الوسوم: إضافة وسم

لا توجد وسوم, كن أول من يضع وسما على هذه التسجيلة!

رقم الطلب: (F)DT135 .N8 U54 v.11

LEADER 01526nam a22003257a 4500
003 OSt
005 20251222124118.0
008 251222t20229999iluab bc 000 0 eng d
010 |a  2022942851 
020 |a 9781614910770  |q (part 1) 
035 |a (OCoLC)on1345273919 
040 |c ARCE Library 
042 |a lccopycat 
043 |a f-sj---  |a f-ua--- 
050 1 4 |a (F)DT135 .N8  |b U54 v.11 
100 1 |a Then-Obłuska, Joanna,  |e author 
245 1 0 |a Beads from excavations at Qustul, Adindan, Serra East, Dorginarti, Ballana and Kalabsha /  |c by Joanna Then-Obłuska. 
264 1 |a Chicago :   |b The Oriental Institute of the University of Chicago,   |c 2022- 
300 |a xxxi, 361 pages) :   |b color illustrations, map ;   |c 31 cm. 
490 0 |a University of Chicago Oriental Institute Nubian Expedition (Series) ;  |v 11. 
490 0 |a OINE ;   |v 11. 
504 |a Includes bibliographical references. 
505 1 |a Part 1. A-group, Post-A-group, C-group, N-type, P-type, Pan grave, Kerma, Middle Kingdom, and New Kingdom. 
520 |a This book presents a comprehensive corpus of beads and pendants found during excavations undertaken by the Oriental Institute of the University of Chicago between 1960 and 1968 at the Lower Nubian sites of Qustul, Adindan, Serra East, Dorginarti, Ballana and Kalabsha and stored in the Oriental Institute Museum. 
650 0 |a Beads  |z Nubia. 
650 0 |a Excavations (Archaeology)  |z Nubia  |v Catalogs. 
651 0 |a Nubia  |x Antiquities. 
901 |a reviewed 
942 |2 lcc  |c BK 
999 |c 59917  |d 59917